[Event "Ceske Budejovice op-A"]
[Site "Ceske Budejovice"]
[Date "2023.07.09"]
[Round "9"]
[White "Nejdl, Eduard"]
[Black "Svejda, Karel"]
[Result "0-1"]
[WhiteElo "1928"]
[BlackElo "1785"]
[PlyCount "56"]
[EventDate "2023.07.01"]
[EventType "swiss"]
[EventRounds "9"]
[EventCountry "CZE"]
[SourceTitle "CBM 215 Extra"]
[Source "ChessBase"]
[SourceDate "2023.09.30"]
[SourceVersion "1"]
[SourceVersionDate "2023.09.30"]
[SourceQuality "1"]

1. e4 c5 2. Nf3 d6 3. Nc3 g6 4. d4 cxd4 5. Qxd4 Nf6 6. e5 dxe5 7. Qxd8+ Kxd8 8. Be3 Bg7 9. Nxe5 Be6 10. 0-0-0+ Nfd7 11. f4 Nc6 12. Rxd7+ Bxd7 13. Nxf7+ Ke8 14. Nxh8 Bxh8 15. Be2 Rc8 16. Bf3 b6 17. Re1 Nb4 18. a3 Bxc3 19. bxc3 Na2+ 20. Kd2 Nxc3 21. Bd4 Nb5 22. Bf6 e6 23. Be4 Nxa3 24. Bd3 Kf7 25. Bd4 Nc4+ 26. Ke2 a5 27. Bxc4 Rxc4 28. Kd3 Bb5 0-1

[Event "Ceske Budejovice op-A"]
[Site "Ceske Budejovice"]
[Date "2023.07.03"]
[Round "3"]
[White "Nejdl, Eduard"]
[Black "Zilavy, Jan"]
[Result "0-1"]
[WhiteElo "1928"]
[BlackElo "2146"]
[PlyCount "50"]
[EventDate "2023.07.01"]
[EventType "swiss"]
[EventRounds "9"]
[EventCountry "CZE"]
[SourceTitle "CBM 215 Extra"]
[Source "ChessBase"]
[SourceDate "2023.09.30"]
[SourceVersion "1"]
[SourceVersionDate "2023.09.30"]
[SourceQuality "1"]

1. e4 e5 2. Bc4 Nf6 3. d3 Nc6 4. Nf3 Be7 5. Nc3 d6 6. a3 Be6 7. Bxe6 fxe6 8. 0-0 Qd7 9. b4 Nd4 10. Be3 Nxf3+ 11. Qxf3 Qc6 12. Bd2 0-0 13. Qg3 a5 14. b5 Qc5 15. Qh3 Kf7 16. Kh1 c6 17. Qe3 Qxe3 18. Bxe3 d5 19. exd5 cxd5 20. d4 Rfc8 21. Na4 exd4 22. Bxd4 Rxc2 23. Nb6 Re8 24. f3 Bd6 25. Rf2 Rc7 0-1

[Event "Ceske Budejovice op-A"]
[Site "Ceske Budejovice"]
[Date "2023.07.01"]
[Round "1"]
[White "Nejdl, Eduard"]
[Black "Simek, Petr1111"]
[Result "0-1"]
[WhiteElo "1928"]
[BlackElo "2365"]
[PlyCount "44"]
[EventDate "2023.07.01"]
[EventType "swiss"]
[EventRounds "9"]
[EventCountry "CZE"]
[SourceTitle "CBM 215 Extra"]
[Source "ChessBase"]
[SourceDate "2023.09.30"]
[SourceVersion "1"]
[SourceVersionDate "2023.09.30"]
[SourceQuality "1"]

1. e4 c5 2. Nf3 d6 3. Bb5+ Nd7 4. 0-0 a6 5. Bd3 Ngf6 6. c3 b5 7. Bc2 Bb7 8. Re1 c4 9. b3 e6 10. Qe2 Qc7 11. Ba3 Rc8 12. d4 cxd3 13. Bxd3 Be7 14. c4 bxc4 15. Bxc4 Nxe4 16. Bxa6 Bxa6 17. Qxa6 Bf6 18. Nbd2 Nxd2 19. Nxd2 Bxa1 20. Nc4 Be5 21. Rxe5 Nxe5 22. Nxd6+ Kd7 0-1

[Event "CZE-chT2A 2223"]
[Site "Czech Republic"]
[Date "2022.11.06"]
[Round "2.2"]
[White "Karas, Marek"]
[Black "Nejdl, Eduard"]
[Result "1-0"]
[WhiteElo "2243"]
[BlackElo "1910"]
[PlyCount "145"]
[EventDate "2022.10.16"]
[EventType "team-tourn"]
[EventRounds "11"]
[EventCountry "CZE"]
[SourceTitle "EXT 2024"]
[Source "ChessBase"]
[SourceDate "2023.10.10"]
[SourceVersion "1"]
[SourceVersionDate "2023.10.10"]
[SourceQuality "1"]
[WhiteTeam "Budejovice"]
[BlackTeam "Budejovice II"]
[WhiteTeamCountry "CZE"]
[BlackTeamCountry "CZE"]

1. d4 f5 2. Bg5 Nf6 3. Bxf6 exf6 4. e3 Nc6 5. Nf3 d5 6. c4 Bb4+ 7. Nc3 Be6 8. Qb3 Qd6 9. a3 Bxc3+ 10. Qxc3 0-0 11. 0-0-0 Nd8 12. c5 Qd7 13. Bd3 Nf7 14. Kb1 c6 15. h3 Ng5 16. Nxg5 fxg5 17. f4 Qe7 18. h4 g4 19. Kc2 Bd7 20. Kd2 Rab8 21. g3 Rfe8 22. Bc2 Kf7 23. Rhe1 Ra8 24. a4 Reb8 25. b4 a6 26. Rb1 Re8 27. b5 axb5 28. axb5 cxb5 29. Ra1 h5 30. Rxa8 Rxa8 31. Ra1 Qd8 32. Ra3 g6 33. Qa1 Rxa3 34. Qxa3 Bc6 35. Bd3 Qd7 36. Qa7 Qe8 37. Qa5 Qd7 38. Qa8 Kg7 39. Qb8 Kf7 40. Qh8 Qe8 41. Qxe8+ Kxe8 42. Kc3 Kd8 43. Kb4 Kc8 44. Ka5 Kb8 45. Kb6 b4 46. Bc2 Kc8 47. Ka5 Kc7 48. Kxb4 Be8 49. Bb3 Bc6 50. Ka5 Kb8 51. Kb6 Kc8 52. Bc2 Kb8 53. Bd3 Kc8 54. Ka5 Kb8 55. Bc2 Kc7 56. Bb3 Kc8 57. Ba4 Kc7 58. Bb5 Kd7 59. Bd3 Kc7 60. Be2 Bd7 61. Bd1 Bc6 62. Bb3 Kd7 63. Kb6 Kc8 64. Bd1 Bd7 65. Be2 Bc6 66. Ba6 Kb8 67. Bb5 Bxb5 68. Kxb5 Kc7 69. Ka5 Kc6 70. Ka4 b6 71. cxb6 Kxb6 72. Kb4 Kc6 73. Ka5 1-0

[Event "Ceske Budejovice op-A"]
[Site "Ceske Budejovice"]
[Date "2022.07.02"]
[Round "2"]
[White "Nejdl, Eduard"]
[Black "Petirova, Iva"]
[Result "1/2-1/2"]
[WhiteElo "1951"]
[BlackElo "1722"]
[PlyCount "119"]
[EventDate "2022.07.01"]
[EventType "swiss"]
[EventRounds "9"]
[EventCountry "CZE"]
[SourceTitle "CBM 209 Extra"]
[Source "ChessBase"]
[SourceDate "2022.09.30"]
[SourceVersion "1"]
[SourceVersionDate "2022.09.30"]
[SourceQuality "1"]

1. e4 e5 2. Nf3 Nc6 3. Bb5 Nge7 4. 0-0 g6 5. c3 Bg7 6. d4 exd4 7. cxd4 0-0 8. d5 Ne5 9. Nxe5 Bxe5 10. f4 Bg7 11. Bc4 d6 12. Nc3 Kh8 13. f5 gxf5 14. exf5 Bxf5 15. Bg5 Bg6 16. g4 Qd7 17. Bf6 Bxf6 18. Rxf6 Ng8 19. Rf4 Rae8 20. Nb5 f5 21. g5 Re4 22. Rxe4 fxe4 23. Qd4+ Qg7 24. Qxg7+ Kxg7 25. Rf1 Rc8 26. Nxa7 Re8 27. Nb5 Re5 28. h4 Ne7 29. Nxc7 Bf7 30. Rd1 e3 31. Nb5 Nf5 32. a4 Nxh4 33. Nxd6 e2 34. Re1 Nf3+ 35. Kf2 Nxe1 36. Kxe1 b6 37. Nxf7 Kxf7 38. Bxe2 Ke7 39. Kf2 Rxg5 40. Bf3 Kd6 41. b4 Rg7 42. a5 bxa5 43. bxa5 h6 44. Be4 Ra7 45. Kg3 Ke5 46. Bf3 Rxa5 47. Kg4 Ra3 48. Bg2 Ra2 49. Bf3 Rf2 50. Kg3 Rf1 51. Bg2 Rf4 52. Bf3 Rd4 53. Bg2 Kf5 54. Bh3+ Kg5 55. Be6 Rd3+ 56. Kg2 h5 57. Bf7 Kg4 58. Be6+ Kf4 59. Kh2 Kg5 60. Kg2 1/2-1/2

[Event "Ceske Budejovice op"]
[Site "Ceske Budejovice"]
[Date "2019.07.07"]
[Round "9"]
[White "Nejdl, Eduard"]
[Black "Malinovsky, Petr"]
[Result "0-1"]
[WhiteElo "1995"]
[BlackElo "2058"]
[PlyCount "38"]
[EventDate "2019.06.29"]
[EventType "swiss"]
[EventRounds "9"]
[EventCountry "CZE"]
[SourceTitle "CBM 191 Extra"]
[Source "ChessBase"]
[SourceDate "2019.09.30"]
[SourceVersion "1"]
[SourceVersionDate "2019.09.30"]
[SourceQuality "1"]

1. e4 c5 2. Nf3 g6 3. Bc4 Bg7 4. 0-0 Nc6 5. c3 e6 6. d4 cxd4 7. cxd4 d5 8. exd5 exd5 9. Bb5 Nge7 10. Nc3 0-0 11. Bg5 h6 12. Bf4 Bg4 13. Be3 Bxf3 14. gxf3 Nf5 15. Bxc6 bxc6 16. Na4 Re8 17. Qd3 Nh4 18. f4 Qd7 19. Kh1 Qh3 0-1

[Event "Ceske Budejovice op"]
[Site "Ceske Budejovice"]
[Date "2017.06.25"]
[Round "4"]
[White "Szotkowski, Jakub"]
[Black "Nejdl, Eduard"]
[Result "1-0"]
[WhiteElo "2366"]
[BlackElo "2068"]
[PlyCount "75"]
[EventDate "2017.06.22"]
[EventType "swiss"]
[EventRounds "9"]
[EventCountry "CZE"]
[SourceTitle "CBM 179 Extra"]
[Source "ChessBase"]
[SourceDate "2017.08.23"]
[SourceVersion "1"]
[SourceVersionDate "2017.08.23"]
[SourceQuality "1"]

1. d4 f5 2. g3 Nf6 3. Bg2 e6 4. Nh3 Be7 5. 0-0 0-0 6. b3 d6 7. Bb2 Nc6 8. Nd2 Ng4 9. Nc4 d5 10. Ne5 Ncxe5 11. dxe5 c6 12. Nf4 Bd7 13. e3 Nh6 14. Qe2 Bc5 15. c4 Re8 16. Rfd1 Qb6 17. Rac1 Rac8 18. Nd3 Bf8 19. Rc2 Qd8 20. Rdc1 Nf7 21. f4 b6 22. Ne1 Kh8 23. Nf3 dxc4 24. Qxc4 c5 25. Rd1 Qc7 26. Nd4 Rcd8 27. Rcd2 Qc8 28. Nb5 a6 29. Nd6 Nxd6 30. exd6 Bb5 31. Qc3 Rd7 32. Qe5 Bc6 33. Bxc6 Qxc6 34. Kf2 Kg8 35. h3 Rf7 36. g4 Qe4 37. Qxe4 fxe4 38. d7 1-0

[Event "Ceske Budejovice op"]
[Site "Ceske Budejovice"]
[Date "2015.06.19"]
[Round "1"]
[White "Nejdl, Eduard"]
[Black "Simantsev, Mikhail"]
[Result "0-1"]
[WhiteElo "1999"]
[BlackElo "2462"]
[PlyCount "70"]
[EventDate "2015.06.19"]
[EventType "swiss"]
[EventRounds "9"]
[EventCountry "CZE"]
[SourceTitle "CBM 167 Extra"]
[Source "ChessBase"]
[SourceDate "2015.09.14"]
[SourceVersion "1"]
[SourceVersionDate "2015.09.14"]
[SourceQuality "1"]

1. e4 c5 2. Nf3 e6 3. Nc3 a6 4. a4 Nc6 5. g3 Nf6 6. Bg2 Be7 7. 0-0 d6 8. d3 0-0 9. h3 Bd7 10. Nd2 Rb8 11. f4 b5 12. axb5 axb5 13. g4 Ne8 14. Nf3 Nc7 15. Ne2 b4 16. Be3 Nb5 17. Qd2 Ra8 18. Rfb1 Qb6 19. g5 Nbd4 20. Nexd4 cxd4 21. Nxd4 Nxd4 22. Qf2 e5 23. c3 bxc3 24. bxc3 Rxa1 25. Rxa1 Qb5 26. cxd4 exf4 27. Qxf4 Qxd3 28. Ra7 Rd8 29. e5 dxe5 30. Qxe5 Bf8 31. Bf1 Qb3 32. d5 Re8 33. Qf4 Rxe3 34. Rxd7 Rf3 35. Qd4 Rxf1+ 0-1

[Event "CZE-chT1W 1415"]
[Site "Czech Republic"]
[Date "2015.01.18"]
[Round "6.8"]
[White "Fric, Pavel"]
[Black "Nejdl, Eduard"]
[Result "1-0"]
[WhiteElo "2038"]
[BlackElo "2004"]
[PlyCount "117"]
[EventDate "2014.10.19"]
[EventType "team-tourn"]
[EventRounds "11"]
[EventCountry "CZE"]
[SourceTitle "EXT 2016"]
[Source "ChessBase"]
[SourceDate "2015.10.08"]
[SourceVersion "1"]
[SourceVersionDate "2015.10.08"]
[SourceQuality "1"]
[WhiteTeam "Karlovy Vary"]
[BlackTeam "Ceske Budejovice"]
[WhiteTeamCountry "CZE"]
[BlackTeamCountry "CZE"]

1. d4 Nf6 2. c4 g6 3. Nc3 Bg7 4. e4 d6 5. f3 0-0 6. Be3 c5 7. dxc5 dxc5 8. Qxd8 Rxd8 9. Bxc5 Nc6 10. Nd5 Nd7 11. Nxe7+ Nxe7 12. Bxe7 Bxb2 13. Bxd8 Bc3+ 14. Kf2 Bxa1 15. Ba5 Ne5 16. f4 Bd4+ 17. Kg3 Ng4 18. Nh3 Ne3 19. Ng5 Nd1 20. Be2 Nf2 21. Rf1 h6 22. Be1 hxg5 23. Bxf2 gxf4+ 24. Kxf4 Bg7 25. Rb1 b6 26. c5 Be6 27. a4 Ba2 28. Rb5 Be6 29. g4 Bd7 30. Rb4 Bf8 31. Bb5 bxc5 32. Rc4 Be6 33. Rc2 Rc8 34. Bc4 Bd7 35. a5 Be7 36. g5 Kf8 37. Rb2 Bc6 38. Be1 Rd8 39. Bc3 Bd6+ 40. e5 Bc7 41. Bb5 Bd5 42. Ba6 Ke7 43. Bb7 Ke6 44. Bxd5+ Kxd5 45. Rb7 Kc6 46. Rxa7 Rd3 47. Be1 c4 48. Ke4 Rd1 49. Bc3 Rg1 50. Ra6+ Kb7 51. Rf6 Rc1 52. a6+ Kb8 53. Bd4 c3 54. Rc6 c2 55. Be3 Ra1 56. a7+ Kb7 57. Rxc2 Ra4+ 58. Kd5 Bb6 59. Rb2 1-0

[Event "CZE-chT1W 1415"]
[Site "Czech Republic"]
[Date "2014.12.07"]
[Round "4.8"]
[White "Petr, Jan1111"]
[Black "Nejdl, Eduard"]
[Result "1-0"]
[WhiteElo "2119"]
[BlackElo "2004"]
[PlyCount "41"]
[EventDate "2014.10.19"]
[EventType "team-tourn"]
[EventRounds "11"]
[EventCountry "CZE"]
[SourceTitle "CBM 163 Extra"]
[Source "ChessBase"]
[SourceDate "2014.12.23"]
[SourceVersion "1"]
[SourceVersionDate "2014.12.23"]
[SourceQuality "1"]
[WhiteTeam "Praha Pankrac"]
[BlackTeam "Ceske Budejovice"]
[WhiteTeamCountry "CZE"]
[BlackTeamCountry "CZE"]

1. e4 Nf6 2. Nc3 e5 3. Nf3 Nc6 4. d4 exd4 5. Nxd4 Bb4 6. Nxc6 bxc6 7. Bd3 d5 8. exd5 cxd5 9. 0-0 0-0 10. Bg5 Be7 11. Re1 c6 12. Ne2 Bg4 13. h3 Bd7 14. Nd4 Re8 15. Nf5 Bxf5 16. Bxf5 Qd6 17. Qf3 Qb4 18. Qb3 Qc5 19. Qe3 Qd6 20. Bxf6 gxf6 21. Qh6 1-0

[Event "CZE-chT2A 1112"]
[Site "Czech Republic"]
[Date "2012.02.05"]
[Round "7.8"]
[White "Maryska, Vaclav"]
[Black "Nejdl, Eduard"]
[Result "1/2-1/2"]
[WhiteElo "1925"]
[BlackElo "1975"]
[PlyCount "87"]
[EventDate "2011.10.09"]
[EventType "team-tourn"]
[EventRounds "11"]
[EventCountry "CZE"]
[SourceTitle "EXT 2013"]
[Source "ChessBase"]
[SourceDate "2012.11.22"]
[SourceVersion "1"]
[SourceVersionDate "2012.11.22"]
[SourceQuality "1"]
[WhiteTeam "Cesky Krumlov"]
[BlackTeam "Ceske Budejovice"]
[WhiteTeamCountry "CZE"]
[BlackTeamCountry "CZE"]

1. e4 Nf6 2. Nc3 e5 3. Bc4 Bc5 4. d3 c6 5. h3 d5 6. exd5 cxd5 7. Bb5+ Nc6 8. Nf3 d4 9. Bxc6+ bxc6 10. Ne4 Nxe4 11. dxe4 Ba6 12. Nxe5 Qe7 13. Nd3 Qxe4+ 14. Qe2 Bxd3 15. cxd3 Qxe2+ 16. Kxe2 0-0 17. Bd2 Rfe8+ 18. Kf3 Re6 19. g3 Rb8 20. b3 f5 21. Rhe1 Rbe8 22. Rxe6 Rxe6 23. Re1 Kf7 24. Rxe6 Kxe6 25. Ke2 Bd6 26. f4 Kd5 27. Kf3 Ba3 28. g4 Ke6 29. Ba5 Bd6 30. Bd2 g6 31. Ba5 Kd5 32. Bd2 Kc5 33. h4 h5 34. g5 Bc7 35. Ke2 Kb5 36. a4+ Ka6 37. b4 Kb6 38. Kd1 c5 39. bxc5+ Kxc5 40. Kc2 Kd5 41. Kb3 Bd6 42. Kb2 Be7 43. Kb3 Bd6 44. Kb2 1/2-1/2

[Event "CZE-chT2A 0809"]
[Site "Czech Republic"]
[Date "2009.04.05"]
[Round "11.2"]
[White "Vybiral, Zdenek"]
[Black "Nejdl, Eduard"]
[Result "1-0"]
[WhiteElo "2218"]
[BlackElo "1999"]
[PlyCount "59"]
[EventDate "2008.10.12"]
[EventType "team-tourn"]
[EventRounds "11"]
[EventCountry "CZE"]
[SourceTitle "EXT 2010"]
[Source "ChessBase"]
[SourceDate "2010.11.25"]
[SourceVersion "1"]
[SourceVersionDate "2010.11.25"]
[SourceQuality "1"]
[WhiteTeam "Tabor Sokol"]
[BlackTeam "Ceske Budejovice II"]
[WhiteTeamCountry "CZE"]
[BlackTeamCountry "CZE"]

1. e4 Nf6 2. e5 Nd5 3. d4 d6 4. c4 Nb6 5. exd6 cxd6 6. Nc3 g6 7. Be3 Bg7 8. Qd2 Nc6 9. h3 d5 10. cxd5 Nxd5 11. Nf3 Nxe3 12. fxe3 0-0 13. Be2 Qd6 14. 0-0 Bf5 15. Rad1 Rad8 16. Qe1 Qb4 17. Rd2 Qa5 18. Qh4 e5 19. d5 Qc5 20. dxc6 Rxd2 21. Nxd2 Qxe3+ 22. Qf2 Qxd2 23. cxb7 e4 24. Nb5 a6 25. Qg3 Qxe2 26. b8Q Rxb8 27. Qxb8+ Bf8 28. Nd6 Be6 29. Qe8 Bxh3 30. Qxf7+ 1-0

[Event "CZE-chT2A 0809"]
[Site "Czech Republic"]
[Date "2008.12.07"]
[Round "4.4"]
[White "Nejdl, Eduard"]
[Black "Janousek, Petr"]
[Result "0-1"]
[WhiteElo "1999"]
[BlackElo "2212"]
[PlyCount "66"]
[EventDate "2008.10.12"]
[EventType "team-tourn"]
[EventRounds "11"]
[EventCountry "CZE"]
[SourceTitle "EXT 2010"]
[Source "ChessBase"]
[SourceDate "2010.11.25"]
[SourceVersion "1"]
[SourceVersionDate "2010.11.25"]
[SourceQuality "1"]
[WhiteTeam "Ceske Budejovice II"]
[BlackTeam "Kozolupy"]
[WhiteTeamCountry "CZE"]
[BlackTeamCountry "CZE"]

1. e4 e5 2. Nf3 Nc6 3. c3 d5 4. Bb5 dxe4 5. Nxe5 Qd5 6. Qa4 Qxe5 7. Bxc6+ bxc6 8. Qxc6+ Kd8 9. Qxa8 Nf6 10. Na3 Bc5 11. Nc4 Qe6 12. b3 Ke7 13. Qb8 Qc6 14. Ba3 Rd8 15. Qxa7 Bxa3 16. Qxa3+ Ke8 17. 0-0 Be6 18. Ne3 Nd7 19. f4 exf3 20. Rxf3 Ne5 21. Rf2 Nd3 22. Rf3 Ra8 23. Qxa8+ Qxa8 24. Nf5 Bxf5 25. Rxf5 Qa7+ 26. Kf1 f6 27. Rf3 Nc5 28. d4 Ne6 29. d5 Ng5 30. Re1+ Kd7 31. Rfe3 Qc5 32. h4 Nf7 33. b4 Qc4+ 0-1

[Event "CZE-chT2A 0809"]
[Site "Czech Republic"]
[Date "2008.10.12"]
[Round "1.4"]
[White "Nejdl, Eduard"]
[Black "Rajnys, Vladimir"]
[Result "1/2-1/2"]
[WhiteElo "1999"]
[BlackElo "2095"]
[PlyCount "33"]
[EventDate "2008.10.12"]
[EventType "team-tourn"]
[EventRounds "11"]
[EventCountry "CZE"]
[SourceTitle "EXT 2010"]
[Source "ChessBase"]
[SourceDate "2010.11.25"]
[SourceVersion "1"]
[SourceVersionDate "2010.11.25"]
[SourceQuality "1"]
[WhiteTeam "Ceske Budejovice II"]
[BlackTeam "Ceske Budejovice"]
[WhiteTeamCountry "CZE"]
[BlackTeamCountry "CZE"]

1. e4 e6 2. d4 d5 3. Nd2 Nc6 4. Ngf3 Nf6 5. e5 Nd7 6. Bb5 Be7 7. 0-0 a6 8. Bxc6 bxc6 9. Nb3 c5 10. c4 dxc4 11. Na5 0-0 12. Be3 cxd4 13. Qxd4 c5 14. Qe4 Rb8 15. Nxc4 Bb7 16. Qg4 Bxf3 17. Qxf3 1/2-1/2

[Event "CZE-chT2a 0607"]
[Site "Czech Republic"]
[Date "2007.03.11"]
[Round "9.8"]
[White "Kovar, Petr1111"]
[Black "Nejdl, Eduard"]
[Result "1/2-1/2"]
[WhiteElo "1906"]
[BlackElo "2012"]
[PlyCount "43"]
[EventDate "2006.10.15"]
[EventType "team"]
[EventRounds "11"]
[EventCountry "CZE"]
[SourceTitle "EXT 2009"]
[Source "ChessBase"]
[SourceDate "2008.11.26"]
[SourceVersion "1"]
[SourceVersionDate "2008.11.26"]
[SourceQuality "1"]
[WhiteTeam "Kobylisy"]
[BlackTeam "Ceske Budejovice"]
[WhiteTeamCountry "CZE"]
[BlackTeamCountry "CZE"]

1. c4 e5 2. Nc3 Nf6 3. g3 d5 4. cxd5 Nxd5 5. Bg2 Nb6 6. Nf3 Nc6 7. 0-0 Be7 8. d3 0-0 9. Be3 Be6 10. Ne4 Qc8 11. Nc5 Bd5 12. Rc1 Kh8 13. a3 a5 14. Qc2 Rb8 15. d4 Nxd4 16. Nxd4 Bxg2 17. Kxg2 exd4 18. Bxd4 Qg4 19. Qe4 Qxe4+ 20. Nxe4 Nd5 21. Rfd1 Rfd8 22. Kf3 1/2-1/2

[Event "CZE-chT2a 0607"]
[Site "Czech Republic"]
[Date "2007.02.25"]
[Round "8.8"]
[White "Nejdl, Eduard"]
[Black "Horyna, Josef"]
[Result "1/2-1/2"]
[WhiteElo "2012"]
[BlackElo "1921"]
[PlyCount "99"]
[EventDate "2006.10.15"]
[EventType "team"]
[EventRounds "11"]
[EventCountry "CZE"]
[SourceTitle "EXT 2009"]
[Source "ChessBase"]
[SourceDate "2008.11.26"]
[SourceVersion "1"]
[SourceVersionDate "2008.11.26"]
[SourceQuality "1"]
[WhiteTeam "Ceske Budejovice"]
[BlackTeam "Vrsovice II"]
[WhiteTeamCountry "CZE"]
[BlackTeamCountry "CZE"]

1. e4 e6 2. d4 d5 3. Nd2 Nf6 4. e5 Nfd7 5. Bd3 c5 6. c3 Nc6 7. Ne2 Be7 8. 0-0 f6 9. exf6 Nxf6 10. Nf3 0-0 11. Bg5 Rf7 12. dxc5 e5 13. Bb5 h6 14. Bc1 Qc7 15. b4 Bg4 16. Ne1 a6 17. Ba4 Rd8 18. f3 Be6 19. Bb3 Qc8 20. Be3 Rff8 21. Nd3 Kh8 22. Qd2 Bf5 23. a3 Qd7 24. Rad1 Qc8 25. Bc2 Rf7 26. Qe1 Bh7 27. Qg3 Nh5 28. Qe1 Nf6 29. Bb3 Rff8 30. Bf2 Bxd3 31. Rxd3 e4 32. Rd1 exf3 33. gxf3 Qh3 34. Nf4 Qf5 35. Ne6 Ne5 36. Bg3 Qxe6 37. Qxe5 Qd7 38. Bc2 Rfe8 39. Bg6 Bxc5+ 40. bxc5 Rxe5 41. Bxe5 Qa4 42. Ra1 Qc6 43. Bd4 Nd7 44. Bf5 Nxc5 45. Rae1 Nb3 46. Re6 Nxd4 47. Rxc6 Nxc6 48. Rd1 Ne5 49. Be4 Nc4 50. Rxd5 1/2-1/2

[Event "CZE-chTJ 0102"]
[Site "Czech Republic"]
[Date "2002.??.??"]
[Round "7"]
[White "Randa, Miroslav"]
[Black "Nejdl, Eduard"]
[Result "1-0"]
[WhiteElo "1981"]
[BlackElo "2055"]
[PlyCount "59"]
[EventDate "2001.??.??"]
[EventType "team"]
[EventRounds "11"]
[EventCountry "CZE"]
[SourceTitle "EXT 2003"]
[Source "ChessBase"]
[SourceDate "2002.11.25"]
[SourceVersion "1"]
[SourceVersionDate "2002.11.25"]
[SourceQuality "1"]
[WhiteTeam "Line"]
[BlackTeam "Ceske Budejovice"]
[WhiteTeamCountry "CZE"]
[BlackTeamCountry "CZE"]

1. e4 Nf6 2. Nc3 e5 3. Nf3 Nc6 4. d4 exd4 5. Nd5 Nxd5 6. exd5 Nb4 7. Bc4 Qe7+ 8. Kf1 Qe4 9. Qxd4 Qxd4 10. Nxd4 Bc5 11. Nf5 b5 12. Nxg7+ Ke7 13. Bb3 Bb7 14. Nf5+ Kf6 15. Ne3 Rhg8 16. Bd2 Bxe3 17. Bc3+ Kf5 18. Bxb4 Bb6 19. c4 a5 20. Be7 bxc4 21. Bc2+ Kg4 22. Re1 f5 23. Re5 Kh5 24. Rxf5+ Kh6 25. h4 Bd4 26. Rf7 Rg7 27. Bg5+ Rxg5 28. hxg5+ Kxg5 29. f4+ Kg4 30. Bd1+ 1-0

[Event "CZE-chTJ 0001"]
[Site "Czech Republic"]
[Date "2001.??.??"]
[Round "7"]
[White "Zikmund, Alexandr"]
[Black "Nejdl, Eduard"]
[Result "1-0"]
[WhiteElo "1805"]
[BlackElo "2090"]
[PlyCount "81"]
[EventDate "2000.??.??"]
[EventType "team"]
[EventRounds "11"]
[EventCountry "CZE"]
[SourceTitle "EXT 2003"]
[Source "ChessBase"]
[SourceDate "2002.11.25"]
[SourceVersion "1"]
[SourceVersionDate "2002.11.25"]
[SourceQuality "1"]

1. e4 Nf6 2. Nc3 d5 3. exd5 Nxd5 4. Ne4 e5 5. Nf3 f5 6. Ng3 e4 7. Ne5 Qf6 8. d4 Nd7 9. Nh5 Qb6 10. Nxg7+ Kd8 11. Nxf5 Bb4+ 12. c3 Nxc3 13. Bg5+ Nf6 14. Qh5 Bxf5 15. a3 Nb1+ 16. axb4 Qxb4+ 17. Kd1 Qxd4+ 18. Kc1 Qxe5 19. Qf7 Qc5+ 20. Bc4 Rf8 21. Bxf6+ Kc8 22. Be7 Rxf7 23. Bxc5 Rf6 24. Bb5 Rg6 25. g3 a6 26. Ba4 b5 27. Bxb5 Kb7 28. Ba4 Rd8 29. Be3 Nd2 30. Bxd2 e3 31. Bxe3 Bg4 32. h3 Bf3 33. Re1 Re6 34. Kc2 Re4 35. Kb3 Bg2 36. h4 Bh3 37. Ka3 Bg4 38. Rec1 Rd3+ 39. Rc3 Rxc3+ 40. bxc3 Rc4 41. Kb2 1-0